000 00639nam a22001937a 4500
999 _c61863
_d61863
005 20240530123051.0
008 240530s2008 enk||||| |||| 00| 0 eng d
020 _a9780198530374x
041 _aeng
080 _a617.7 D-40
100 _aDenniston, Alastair
_922239
245 _aOxford Handbook of Ophthalmology /
_c Alastair Denniston, Philip Murray.
264 _a ‎Oxford :
_bOxford University Press,
_c2008.
300 _a760 p.:
_bill.;
_c19 cm.
653 _aოფთალმოლოგია
653 _aმედიცინა
700 _aMurray, Philip
_eავტორი
_922240
942 _2udc
_cᲬᲘᲒᲜᲘ